00470cam a2200205ua 45000010005000000080039000050400009000440410012000531000017000652450026000822500009001082600033001173000016001506530026001667000018001927000017002107000015002279420007002429990015002493366191009n1986 II |||gr||||Z||||||eng aMAIN aEnglish aKHANA, S. D. aCOMPARATIVE EDUCATION a6TH. aNEW DELHIbDOOBA HOUSEc1986 a351:c20CM. aComparative Education aSAXENA, V. R. aLAMBA, T. P. aMARTHY, V. cBK c3354d3354